Normal view
MARC view
- Educación básica
Entry Materia
Number of records used in: 240
001 - NÚMERO DE CONTROL DEL REGISTRO
- campo de control: 7340
003 - IDENTIFICADOR DE NUMERO DE CONTROL
- campo de control: MX-MxUPN
005 - FECHA Y HORA DE LA ÚLTIMA TRANSACCIÓN
- campo de control: 20260109115027.0
008 - DATOS DE LONGITUD FIJA
- campo de control de longitud fija: 260109n| acnnnbabn | ana |d
035 ## - NÚMERO DE CONTROL DEL SISTEMA
- Número de control del sistema: UPN10000007344
040 ## - FUENTE DE LA CATALOGACIÓN
- Centro catalogador de origen: MX-MxUPN
- Lengua de catalogación: spa
- Agencia de transcripción: MX-MxUPN
150 ## - ENCABEZAMIENTO - TEMÁTICO
- Término de materia o nombre geográfico como elemento inicial: Educación básica
670 ## - FUENTE EN LA QUE SE LOCALIZARON DATOS
- Cita de la fuente: LC/P
- Información localizada: Aquí se asientan los trabajos que traten sobre los tres niveles de educación inicial (preescolar, primaria y secundaria)
902 ## - CATALOGADOR
- Catalogador: CAA/120410
